[Event "Druzynowe Mistrzostwa Polski Juniorow 2018 - II Liga"]
[Site "Szczyrk"]
[Date "1899-12-30"]
[Round "5.63"]
[White "Wiszniewski, Szymon"]
[Black "Trzebinski, Patryk"]
[Result "1/2-1/2"]
[WhiteTitle "II"]
[BlackTitle "I"]
[WhiteElo "1257"]
[BlackElo "1779"]

1. d4 Nf6 2. Bf4 c5 3. c3 d5 4. e3 Qb6 5. Qb3 Qxb3 6. axb3 cxd4 7. exd4 Bf5 8.
Nd2 Nbd7 9. f3 e6 10. Bb5 Be7 11. Ne2 O-O 12. g4 Bg6 13. g5 a6 14. Bxd7 Nxd7 15.
h4 f6 16. gxf6 Nxf6 17. Be5 Nh5 18. c4 Bf6 19. Bxf6 Rxf6 20. c5 Bd3 21. Rg1 Bxe2
22. Kxe2 Raf8 23. Rg4 Rf4 24. Rag1 Rxg4 25. Rxg4 Rf4 26. Ke3 Rxg4 27. fxg4 Nf6
28. Kf4 Kf7 29. g5 Nh5+ 30. Kg4 g6 31. b4 Ng7 32. Nf3 Nf5 33. Ne5+ Ke8 34. c6
bxc6 35. Nxc6 Kd7 36. Nb8+ Kc7 37. Nxa6+ Kb6 38. Nc5 Nxd4 39. Nd7+ Kb5 40. Nf6
Nf5 41. Nxh7 d4 42. Nf6 Kxb4 43. Ne4 Kb3 44. h5 gxh5+ 45. Kxh5 Kxb2 46. g6 Kc2
47. Kg5 Kd3 1/2-1/2

[Event "Druzynowe Mistrzostwa Polski Juniorow 2018 - II Liga"]
[Site "Szczyrk"]
[Date "1899-12-30"]
[Round "5.64"]
[White "Dembicki, Karol"]
[Black "Bar, Klaudia"]
[Result "1-0"]
[WhiteTitle "II"]
[BlackTitle "I"]
[WhiteElo "1457"]
[BlackElo "1478"]

1. e4 c5 2. Nf3 Nc6 3. d4 cxd4 4. Nxd4 g6 5. Nc3 Bg7 6. Be3 Nf6 7. Bc4 O-O 8. Bb3
d6 9. f3 Bd7 10. Qd2 a6 11. O-O-O Rc8 12. h4 b5 13. Nxc6 Bxc6 14. h5 b4 15. Ne2
Nxh5 16. g4 Nf6 17. Bh6 Bh8 18. Bxf8 Qxf8 19. Qxb4 Nd7 20. Nd4 Qg7 21. c3 Rb8
22. Qc4 Bb5 23. Nxb5 Rxb5 24. Qc8+ Nf8 25. Qxa6 Rc5 26. Rd3 Qf6 27. Qa8 Qf4+ 28.
Kc2 Be5 29. Rxh7 Kxh7 30. Qxf8 e6 31. Qe7 Qh2+ 32. Rd2 Qf4 33. Bxe6 Qxf3 34. Qxf7+
Qxf7 35. Bxf7 Bf4 36. Rd4 Be5 37. Rc4 Ra5 38. Rc7 Kh6 39. Rb7 Ra8 40. Bd5 Rf8
41. Rf7 Rb8 42. a4 Kg5 43. a5 Kxg4 44. a6 Kh5 45. a7 Rc8 46. Rh7+ Kg5 47. Qa8
Rxa8 48. Bxa8 Kf4 49. b4 g5 50. b5 g4 51. Rf7+ Ke3 52. b6 g3 53. Rf1 g2 54. Rd1
Kf2 55. Bd5 Qg1 56. Rxg1 Kxg1 57. b7 1-0

[Event "Druzynowe Mistrzostwa Polski Juniorow 2018 - II Liga"]
[Site "Szczyrk"]
[Date "1899-12-30"]
[Round "5.65"]
[White "Pawlak, Emilia"]
[Black "Filipska, Maja"]
[Result "0-1"]
[WhiteTitle "I"]
[BlackTitle "I++"]
[WhiteElo "1415"]
[BlackElo "1569"]

1. e4 d5 2. exd5 Nf6 3. d4 Nxd5 4. c4 Nb6 5. Nc3 Bf5 6. Nf3 e6 7. Be2 Nc6 8. h3
Qd7 9. Be3 Be7 10. Qd2 O-O 11. O-O Rad8 12. Rad1 Bf6 13. a3 Na5 14. c5 Nbc4 15.
Bxc4 Nxc4 16. Qe2 Nxe3 17. fxe3 c6 18. e4 Bg6 19. d5 exd5 20. exd5 Bxc3 21. bxc3
cxd5 22. c4 Qc7 23. cxd5 Qxc5+ 24. Kh1 Rxd5 25. Rxd5 Qxd5 26. Rd1 Qe4 27. Qb5
a6 28. Qd7 Bf5 29. Qc7 h6 30. Re1 Qd5 31. Re5 Qd1+ 32. Kh2 Qd7 33. Qc5 Be6 34.
Qc3 Rc8 35. Qe3 Qc7 36. Kg1 Qc1+ 37. Qxc1 Rxc1+ 38. Kf2 Rc3 39. a4 Ra3 40. a5
Kf8 41. Nd4 Ke7 42. Nxe6 fxe6 43. Rc5 Kd6 44. Rc8 Rxa5 45. Rg8 g5 46. Rh8 b5 47.
Rxh6 b4 48. Ke3 b3 49. Kd3 Rc5 50. Rh8 b2 51. Rb8 Rb5 52. Rxb5 axb5 53. Kc2 Ke5
54. Kxb2 Kf4 0-1

[Event "Druzynowe Mistrzostwa Polski Juniorow 2018 - II Liga"]
[Site "Szczyrk"]
[Date "1899-12-30"]
[Round "5.66"]
[White "Skolska, Emilia"]
[Black "Szopa, Emilia"]
[Result "1-0"]
[WhiteTitle "I"]
[BlackTitle "I"]
[WhiteElo "1157"]
[BlackElo "1422"]

1. e4 e5 2. Nf3 Nc6 3. d4 exd4 4. Bc4 Bc5 5. O-O Nf6 6. e5 d5 7. exf6 dxc4 8. fxg7
Rg8 9. Re1+ Be6 10. Ng5 Qd6 11. Nxe6 fxe6 12. Qh5+ Kd7 13. Qxh7 Rae8 14. Bh6 Kc8
15. Nd2 Qd5 16. Ne4 Be7 17. Rad1 Rd8 18. a3 Qh5 19. Ng3 Qf7 20. Re4 Bd6 21. f4
Ne7 22. Rde1 Qg6 23. Qxg6 Nxg6 24. Nh5 Be7 25. Rxe6 Rd6 26. f5 Rxe6 27. Rxe6 Kd7
28. Re1 Nh4 29. f6 d3 30. Rxe7+ Kc6 31. f7 d2 32. Bxd2 Rd8 33. Qf8 Rxf8 34. Qgxf8
Nf3+ 35. Qxf3+ Kb6 36. Be3+ 1-0

[Event "Druzynowe Mistrzostwa Polski Juniorow 2018 - II Liga"]
[Site "Szczyrk"]
[Date "1899-12-30"]
[Round "5.67"]
[White "Kulesza, Andrzej"]
[Black "Majek, Kacper"]
[Result "1/2-1/2"]
[WhiteTitle "I"]
[BlackTitle "I++"]
[WhiteElo "1918"]
[BlackElo "2088"]

1. e4 e5 2. Nf3 Nc6 3. Bb5 a6 4. Bxc6 dxc6 5. d4 exd4 6. Qxd4 Qxd4 7. Nxd4 Bd7
8. Nc3 O-O-O 9. Nde2 Bc5 10. f3 Ne7 11. Bd2 f5 12. O-O-O b5 13. a3 Rde8 14. Ng3
Bb6 15. Rhe1 Rhg8 16. Nxf5 Bxf5 17. exf5 Nxf5 18. Ne4 h5 19. Bg5 h4 20. c3 Re6
21. Re2 Rge8 22. Rde1 Kd7 23. Rd1+ Kc8 24. Rde1 Kd7 25. Rd1+ Kc8 26. Rde1 1/2-1/2

[Event "Druzynowe Mistrzostwa Polski Juniorow 2018 - II Liga"]
[Site "Szczyrk"]
[Date "1899-12-30"]
[Round "5.68"]
[White "Derylo, Kamil"]
[Black "Urbanski, Wojciech"]
[Result "1-0"]
[WhiteTitle "I"]
[BlackTitle "II"]
[WhiteElo "1755"]
[BlackElo "1560"]

1. e4 d5 2. exd5 Qxd5 3. Nc3 Qa5 4. d4 Nf6 5. Nf3 Bg4 6. Be2 e6 7. O-O Nbd7 8.
Ne5 Nxe5 9. dxe5 Rd8 10. Qe1 Bxe2 11. Qxe2 Nd7 12. Bf4 Bb4 13. Ne4 Nxe5 14. a3
Bd6 15. b4 Qd5 16. Rfd1 Qc4 17. Qe3 O-O 18. Nxd6 cxd6 19. Bxe5 dxe5 20. Qxa7 Qxc2
21. Rf1 Qc6 22. Rac1 Qd7 23. Qe3 Ra8 24. Rfd1 Qa4 25. Rd3 Rfd8 26. Rxd8+ Rxd8
27. Qd3 Ra8 28. h3 h6 29. Rc7 Qxa3 30. Rc8+ Rxc8 31. Qxa3 f6 32. b5 Kf7 33. b6
Rd8 34. Qc5 Rd7 35. Kf1 Rd1+ 36. Ke2 Rd7 37. Ke3 Ke8 38. h4 Kf7 39. g4 Ke8 40.
g5 hxg5 41. hxg5 Kf7 42. Qc8 Ke7 43. gxf6+ gxf6 44. Qh8 f5 45. Qxe5 Kf7 46. Kf4
Rd3 47. Qc7+ Kf6 48. Qe5+ Ke7 49. Qg7+ Kd6 50. Qxb7 Rd4+ 51. Ke3 e5 52. Qc7+ Kd5
53. Qd7+ Kc5 54. Qxf5 Kxb6 55. Qxe5 Rd1 56. Kf4 Kc6 57. Qe8+ Kc7 58. Kg5 Rg1+
59. Kf5 Kd6 60. Qe6+ Kc7 61. f4 Kd8 62. Kf6 Rg3 63. Qe7+ Kc8 64. f5 Rg2 65. Kf7
Rg4 66. f6 Rg2 67. Kf8 Rh2 68. f7 Rg2 69. Ke8 Ra2 70. Qe6+ 1-0

[Event "Druzynowe Mistrzostwa Polski Juniorow 2018 - II Liga"]
[Site "Szczyrk"]
[Date "1899-12-30"]
[Round "5.69"]
[White "Paprocki, Antoni"]
[Black "Zhydachevskyy, Yulian"]
[Result "1-0"]
[WhiteTitle "I"]
[BlackTitle "II"]
[WhiteElo "1792"]
[BlackElo "1376"]

1. e4 c5 2. Nf3 d6 3. d4 cxd4 4. Nxd4 Nf6 5. Nc3 a6 6. Bc4 e6 7. Bb3 Be7 8. Be3
O-O 9. f4 Nc6 10. Qf3 Nxd4 11. Bxd4 b5 12. e5 dxe5 13. fxe5 Nd5 14. Nxd5 exd5
15. Bxd5 Rb8 16. O-O-O Be6 17. Bxe6 fxe6 18. Qg4 Bg5+ 19. Kb1 Qe7 20. g3 Bh6 21.
Rd3 Rbc8 22. Rhd1 Rfe8 23. Bc3 Rc4 24. Qh5 b4 25. Rd7 Qf8 26. Qxe8 Qxe8 27. Rd8
Kf7 28. Rxe8 Kxe8 29. Rd4 Rxd4 30. Bxd4 Bg5 31. Bc5 Be7 32. Bxe7 Kxe7 33. c4 bxc3
34. bxc3 Kd7 35. c4 Kc6 36. Kc2 Kb6 37. Kc3 Kc5 38. a3 h5 39. h4 g6 40. Kd3 a5
41. Kc3 a4 42. Kd3 Kb6 43. Kd4 Kc6 44. c5 Kb5 45. c6 Kxc6 46. Kc4 Kb6 47. Kb4
Kc6 48. Kxa4 Kd5 49. Kb5 Kxe5 50. a4 Kf5 51. a5 Kg4 52. a6 Kxg3 53. a7 Kxh4 54.
Qa8 g5 55. Qe4+ g4 56. Qg2 g3 57. Kc4 Kg4 58. Kd4 h4 59. Ke4 h3 60. Qf3+ Kh4 61.
Kf4 e5+ 62. Kf5 g2 63. Qg4# 1-0

[Event "Druzynowe Mistrzostwa Polski Juniorow 2018 - II Liga"]
[Site "Szczyrk"]
[Date "1899-12-30"]
[Round "5.70"]
[White "Derylo, Maksymilian"]
[Black "Jakubiec, Maurycy"]
[Result "1-0"]
[WhiteTitle "II"]
[BlackTitle "IV"]
[WhiteElo "1199"]
[BlackElo "1000"]

1. e4 c5 2. Nf3 d6 3. d4 cxd4 4. Nxd4 Nf6 5. Nc3 a6 6. Bc4 e6 7. Bb3 Qc7 8. O-O
Be7 9. Re1 O-O 10. f4 Nc6 11. Be3 Rd8 12. Qf3 e5 13. Nxc6 bxc6 14. fxe5 dxe5 15.
Bg5 h6 16. Bxf6 Bxf6 17. Rad1 Bb7 18. Qe3 Rd7 19. Rxd7 Qxd7 20. Rd1 Qc7 21. Qc5
Be7 22. Qc4 Rf8 23. Nd5 Qd6 24. Nxe7+ Qxe7 25. Qd3 c5 26. Bd5 Bxd5 27. Qxd5 g6
28. Qc6 Rd8 29. Rd5 a5 30. Qxc5 Qxc5+ 31. Rxc5 f6 32. Rd5 Rxd5 33. exd5 Kf8 34.
Kf2 Ke7 35. Ke3 Kd6 36. c4 f5 37. a3 g5 38. b4 axb4 39. axb4 h5 40. g3 g4 41.
Ke2 e4 42. Ke3 Ke5 43. Kf2 Kd6 44. Ke2 h4 45. gxh4 f4 46. h5 Ke5 47. h6 e3 48.
h7 Ke4 49. Qh8 f3+ 50. Ke1 Kd3 51. Qh7+ Kc3 52. Qg7+ Kd3 53. Qxg4 f2+ 54. Kf1
Kc3 55. Qe2 Kd4 56. Qxf2 exf2 57. d6 1-0

[Event "Druzynowe Mistrzostwa Polski Juniorow 2018 - II Liga"]
[Site "Szczyrk"]
[Date "1899-12-30"]
[Round "5.72"]
[White "Salamon, Julia"]
[Black "Pudelko, Magdalena"]
[Result "1/2-1/2"]
[WhiteTitle "I"]
[BlackTitle "I"]
[WhiteElo "1098"]
[BlackElo "1358"]

1. d4 d5 2. Nf3 Nf6 3. c4 c6 4. Nc3 e6 5. e3 Be7 6. Bd3 Nbd7 7. O-O O-O 8. Qc2
h6 9. h3 b6 10. b3 Bb7 11. Bb2 c5 12. Qd1 Bd6 13. Re1 Bb8 14. cxd5 Nxd5 15. Nxd5
exd5 16. Rc1 Re8 17. Bb1 cxd4 18. Qxd4 Nf6 19. Qd3 d4 20. Qxd4 Qxd4 21. Nxd4 Be5
22. Red1 Be4 23. Bxe4 Nxe4 24. Rc2 Rec8 25. Rdc1 Rxc2 26. Rxc2 Nc5 27. f4 Bf6
28. Kf2 Nd3+ 29. Ke2 Nxb2 30. Rxb2 Bxd4 31. exd4 Re8+ 32. Kf3 Re1 33. Rc2 Rd1
34. Ke3 Re1+ 35. Re2 Rd1 36. Ke4 Rc1 37. Ke5 Rc8 38. Ke4 Rc1 39. d5 Kf8 40. Kd4
Rd1+ 41. Ke5 Ke7 42. Rc2 Kd7 43. b4 Re1+ 44. Kd4 Rd1+ 45. Ke4 Re1+ 46. Kd4 Rd1+
47. Ke5 Re1+ 1/2-1/2

[Event "Druzynowe Mistrzostwa Polski Juniorow 2018 - II Liga"]
[Site "Szczyrk"]
[Date "1899-12-30"]
[Round "5.73"]
[White "Niemier, Hubert"]
[Black "Krzywnicka, Maria"]
[Result "0-1"]
[WhiteTitle "I"]
[BlackTitle "I++"]
[WhiteElo "1748"]
[BlackElo "1845"]

1. d4 Nf6 2. c4 c5 3. d5 e6 4. Nc3 exd5 5. cxd5 d6 6. Nf3 g6 7. Nd2 Bg7 8. e4 O-O
9. Bd3 a6 10. a4 Nbd7 11. O-O Re8 12. f4 Qc7 13. a5 b5 14. axb6 Nxb6 15. h3 c4
16. Bc2 h5 17. Nf3 Nbd7 18. Re1 Bb7 19. Kh1 Nc5 20. e5 Nh7 21. Qd4 Nd7 22. exd6
Rxe1+ 23. Nxe1 Qxd6 24. Qxc4 Nhf6 25. Nf3 Nxd5 26. Nxd5 Bxd5 27. Qe2 Qc6 28. Ba4
Qb7 29. Bxd7 Qxd7 30. Ne5 Qxh3+ 31. Kg1 Qe6 32. Qd3 Bb7 33. Bd2 Qb6+ 34. Be3 Qxb2
35. Rb1 Qxg2# 0-1

[Event "Druzynowe Mistrzostwa Polski Juniorow 2018 - II Liga"]
[Site "Szczyrk"]
[Date "1899-12-30"]
[Round "5.74"]
[White "Gozdzicki, Maciej"]
[Black "Chaczynski, Kamil"]
[Result "1/2-1/2"]
[WhiteTitle "II+"]
[BlackTitle "I"]
[WhiteElo "1699"]
[BlackElo "1823"]

1. d4 d5 2. c4 c6 3. cxd5 cxd5 4. Nc3 Nf6 5. Nf3 Nc6 6. Bf4 Bf5 7. e3 e6 8. Bd3
Bxd3 9. Qxd3 Bd6 10. Bxd6 Qxd6 11. O-O O-O 12. a3 Na5 13. Ne5 Rac8 14. Rac1 Nc4
15. Nxc4 dxc4 16. Qe2 a6 17. Rfd1 b5 18. e4 Qb6 19. e5 Nd5 20. Ne4 f6 21. Nc5
Rcd8 22. Qg4 f5 23. Qf3 Ne7 24. Qb7 Qxb7 25. Nxb7 Ra8 26. Nc5 Kf7 27. b3 cxb3
28. Nxb3 Nd5 29. Rc6 Rfc8 30. Rdc1 Rxc6 31. Rxc6 a5 32. g3 a4 33. Nc5 b4 34. axb4
a3 35. Nb3 a2 36. Na1 Rb8 37. Kg2 Rxb4 38. Ra6 Rb2 39. Ra3 Kg6 40. Ra6 Nb4 41.
Ra3 Rb1 42. Nb3 Rxb3 43. Rxb3 Qa1 44. Rxb4 Qc3 45. Rb6 Qxd4 46. Rxe6+ Kf7 47.
Rd6 Qxe5 48. Rd1 Qe4+ 49. Kg1 f4 50. gxf4 Qxf4 51. Ra1 Qd4 52. Ra3 g5 53. Rg3
Qd1+ 54. Kg2 Qd5+ 55. Kg1 h5 56. h3 Kf6 57. Kh2 Kf5 58. Re3 Qd6+ 59. Kg2 g4 60.
hxg4+ Kxg4 61. Rg3+ Kf5 62. Rf3+ Kg5 63. Rg3+ Kh6 64. Rh3 Qf4 65. Re3 h4 66. Rh3
Kg5 67. Re3 Qg4+ 68. Kh2 Kf4 69. Rh3 Kf5 70. Re3 Qf4+ 71. Kg2 Kg4 72. Rh3 Qd4
73. Re3 Qd5+ 74. Kh2 Qd1 75. Kg2 Qd2 76. Rh3 Qb2 77. Re3 Qb4 78. Rh3 Qd2 79. Re3
Kf4 80. Rf3+ Kg5 81. Re3 Qd5+ 82. Kh2 Kg4 83. Rh3 Qd6+ 84. Kg2 Qd5+ 85. Kh2 Qd1
86. Kg2 Qd8 87. Re3 Qg5 88. Kh2 Qf4+ 89. Kg2 Kh5 90. Rh3 Qg4+ 91. Kh2 Qf4+ 92.
Kg2 1/2-1/2

[Event "Druzynowe Mistrzostwa Polski Juniorow 2018 - II Liga"]
[Site "Szczyrk"]
[Date "1899-12-30"]
[Round "5.75"]
[White "Skrzypinski, Jan"]
[Black "Majdanski, Maksymilian"]
[Result "1/2-1/2"]
[WhiteTitle "II"]
[BlackTitle "I"]
[WhiteElo "1406"]
[BlackElo "1751"]

1. e4 c5 2. Nf3 Nc6 3. d4 cxd4 4. Nxd4 Nf6 5. Nc3 e5 6. Ndb5 d6 7. Bg5 a6 8. Na3
b5 9. Nd5 Be7 10. Bxf6 Bxf6 11. Nxf6+ Qxf6 12. Qd2 O-O 13. O-O-O Rd8 14. f3 Be6
15. Kb1 Rac8 16. c3 d5 17. Bd3 dxe4 18. fxe4 Bg4 19. Rde1 Qd6 20. Re3 f5 21. Rg3
h5 22. h3 f4 23. hxg4 fxg3 24. Rd1 hxg4 25. Bc4+ Kf8 26. Qxd6+ Rxd6 27. Rxd6 bxc4
28. Nxc4 g5 29. Kc2 Ke7 30. Rg6 Nd4+ 31. Kd3 Ne6 32. Nb6 Nf4+ 33. Kc2 Rxc3+ 34.
Kxc3 Nxg6 35. Nd5+ Kd6 36. Kc4 Nf4 37. Ne3 Ke6 38. a4 Kd6 39. b4 Kc6 40. b5+ axb5+
41. axb5+ Kb6 42. Nd5+ Kb7 43. Ne3 1/2-1/2

[Event "Druzynowe Mistrzostwa Polski Juniorow 2018 - II Liga"]
[Site "Szczyrk"]
[Date "1899-12-30"]
[Round "5.76"]
[White "Szachowicz, Mateusz"]
[Black "Tadych, Olgierd"]
[Result "1/2-1/2"]
[WhiteTitle "III"]
[BlackTitle "II"]
[WhiteElo "1081"]
[BlackElo "1235"]

1. c4 e5 2. Nc3 Nf6 3. g3 Bc5 4. Bg2 Nc6 5. e3 d6 6. Nge2 O-O 7. O-O a6 8. d3 Bd7
9. b3 Re8 10. Qc2 Rb8 11. a3 Bf5 12. b4 Bb6 13. Rd1 Ng4 14. h3 Nf6 15. Qd2 Qd7
16. Kh2 Ne7 17. d4 exd4 18. exd4 c6 19. c5 dxc5 20. dxc5 Qxd2 21. Bxd2 Bc7 22.
Nf4 Rbd8 23. Be3 h6 24. Kg1 Kf8 25. g4 Bh7 26. Nfe2 Be5 27. f4 Bxc3 28. Nxc3 Bc2
29. Rdc1 Bb3 30. Rab1 Bd5 31. Rd1 Bxg2 32. Kxg2 Ned5 33. Nxd5 Nxd5 34. Bd2 Re4
35. Kf3 Rde8 36. Re1 Rxe1 37. Rxe1 Rxe1 38. Bxe1 Ke7 39. Ke4 f6 40. Bd2 1/2-1/2

[Event "Druzynowe Mistrzostwa Polski Juniorow 2018 - II Liga"]
[Site "Szczyrk"]
[Date "1899-12-30"]
[Round "5.77"]
[White "Niemier, Martyna"]
[Black "Partyka, Justyna"]
[Result "1-0"]
[WhiteTitle "II"]
[BlackTitle "II"]
[WhiteElo "1144"]
[BlackElo "1141"]

1. d4 d5 2. c4 dxc4 3. Nc3 Nf6 4. Nf3 c5 5. e3 Bg4 6. Bxc4 e6 7. O-O Nc6 8. b3
cxd4 9. exd4 Be7 10. d5 exd5 11. Nxd5 Bxf3 12. Qxf3 Nd4 13. Nxf6+ Bxf6 14. Re1+
Kf8 15. Qxb7 Ne6 16. Ba3+ Kg8 17. Rad1 Qc8 18. Qd7 Qxd7 19. Rxd7 Ng5 20. Rxa7
Rd8 21. Be7 1-0

[Event "Druzynowe Mistrzostwa Polski Juniorow 2018 - II Liga"]
[Site "Szczyrk"]
[Date "1899-12-30"]
[Round "5.78"]
[White "Gorska, Marcelina"]
[Black "Gac-mytych, Sara"]
[Result "1-0"]
[WhiteTitle "IV"]
[BlackTitle "III"]
[WhiteElo "1000"]
[BlackElo "1000"]

1. e4 c5 2. Nf3 a6 3. d4 cxd4 4. Nxd4 Nf6 5. Nc3 e5 6. Nb3 Nc6 7. f3 Bb4 8. Bd2
O-O 9. a3 Bxc3 10. Bxc3 d6 11. Qd2 b6 12. O-O-O Ra7 13. g4 h6 14. h4 Rd7 15. g5
hxg5 16. hxg5 Nh7 17. Qh2 Qxg5+ 18. Bd2 Qg6 19. Bh3 Qh5 20. Bxd7 Qxh2 21. Rxh2
Bxd7 22. Rdh1 f6 23. Rxh7 f5 24. Rh8+ Kf7 25. Rxf8+ Kxf8 26. Be3 b5 27. Nd2 f4
28. Bf2 Nd4 29. Bxd4 exd4 30. Rd1 g5 31. Nf1 Bh3 32. Nh2 Ke7 33. Rxd4 Ke6 34.
a4 bxa4 35. Rxa4 Bg2 36. Rxa6 g4 37. Nxg4 Bxf3 38. Nf2 Ke5 39. b4 Bxe4 40. Nxe4
Kxe4 41. Kb2 d5 42. b5 f3 43. b6 f2 44. Ra1 d4 45. b7 d3 46. cxd3+ Kxd3 47. Qb8
Ke2 48. Qe5+ Kf3 49. Rf1 Kg2 50. Qe2 Kg3 51. Qxf2+ Kh3 52. Rh1+ Kg4 53. Rf1 Kh3
54. Qf3+ Kh4 55. Qg2 Kh5 56. Rh1# 1-0

[Event "Druzynowe Mistrzostwa Polski Juniorow 2018 - II Liga"]
[Site "Szczyrk"]
[Date "1899-12-30"]
[Round "5.79"]
[White "Slomczewski, Michal"]
[Black "Grochol, Kamil"]
[Result "1-0"]
[WhiteTitle "I+"]
[BlackTitle "I"]
[WhiteElo "2068"]
[BlackElo "1726"]

1. c4 g6 2. g3 Bg7 3. Bg2 e6 4. Nc3 Ne7 5. d4 d5 6. cxd5 exd5 7. Bg5 c6 8. Qd2
O-O 9. Bh6 Bxh6 10. Qxh6 Nf5 11. Qf4 Nd7 12. Nf3 Nf6 13. O-O Nd6 14. Ne5 Nh5 15.
Qd2 f6 16. Nd3 Bf5 17. b3 Bxd3 18. Qxd3 f5 19. b4 a6 20. a4 b5 21. Ra2 Qb8 22.
Rfa1 Qb7 23. Qe3 Rfe8 24. Qg5 Nf7 25. Qh4 Kg7 26. g4 fxg4 27. Qxg4 Nf6 28. Qf4
g5 29. Qg3 h6 30. h4 Nh5 31. Qg4 Nf6 32. Qh3 g4 33. Qd3 Nd6 34. Kh1 h5 35. Qd2
Kf7 36. Qf4 Ne4 37. Bxe4 dxe4 38. Kg2 Qd7 39. e3 Rab8 40. axb5 axb5 41. Qg5 Rg8
42. Qf4 Rge8 43. Nxe4 Rxe4 44. Qxb8 Qd5 45. Ra7+ Kg6 46. Kh2 g3+ 47. Qxg3+ Rg4
48. Qh3 Qd6+ 49. f4 Qxb4 50. R7a2 Ne4 51. Rg2 Kf5 52. Rag1 Nf6 53. e4+ Kxe4 54.
Re2+ Kd5 55. Qe3 Rxh4+ 56. Kg2 Rg4+ 57. Kf3 Rxg1 58. Qe6+ Kxd4 59. Qxf6+ Kd5 60.
Qe5+ Kc4 61. Re4+ Kb3 62. Rxb4+ Kxb4 63. Qd4+ 1-0

[Event "Druzynowe Mistrzostwa Polski Juniorow 2018 - II Liga"]
[Site "Szczyrk"]
[Date "1899-12-30"]
[Round "5.80"]
[White "Oles, Martin"]
[Black "Guzik, Natalia"]
[Result "0-1"]
[WhiteTitle "II+"]
[BlackTitle "I++"]
[WhiteElo "1488"]
[BlackElo "1668"]

1. e4 c5 2. Nf3 Nc6 3. d4 cxd4 4. Nxd4 g6 5. Nc3 Bg7 6. Be3 Nf6 7. Bc4 O-O 8. f3
Qb6 9. Bb3 Nxe4 10. Nf5 Nxc3 11. Qd2 Qa5 12. Nxg7 Nb5 13. c3 Nc7 14. Bf4 d6 15.
O-O-O Rd8 16. Bh6 Qe5 17. h4 Na5 18. Bc2 Nc4 19. Qf2 b5 20. h5 g5 21. f4 Qe3+
22. Qxe3 Nxe3 23. Rde1 gxf4 24. Be4 Rb8 25. Bxf4 Ned5 26. Bh6 Nf6 27. Nf5 Bxf5
28. Bxf5 e6 29. Bg5 Ncd5 30. Be4 Rdc8 31. Rh3 Nxe4 32. Rxe4 Kf8 33. Kd2 Rc4 34.
Rxc4 bxc4 35. Kc2 f6 36. Bh6+ Kf7 37. b3 Rg8 38. bxc4 Rxg2+ 39. Kb3 Nb6 40. a4
Rg4 41. Be3 Nxc4 42. Bxa7 Na5+ 43. Ka3 f5 44. Bb8 e5 45. Bc7 Nc4+ 46. Kb4 Nb6+
47. Kb5 Nxa4 48. Bxd6 Ke6 49. Ba3 Kd5 50. c4+ Rxc4 51. Bb4 Nb2 52. Rh2 Nd3 53.
Bf8 Rc8 54. Bg7 Rb8+ 55. Ka4 f4 56. Rd2 e4 57. Bh6 f3 58. Be3 Rb2 59. Rd1 Re2
60. Bc1 f2 61. Rf1 Nxc1 0-1

[Event "Druzynowe Mistrzostwa Polski Juniorow 2018 - II Liga"]
[Site "Szczyrk"]
[Date "1899-12-30"]
[Round "5.81"]
[White "Wojtasik, Szymon"]
[Black "Jendrowiak, Maciej"]
[Result "1-0"]
[WhiteTitle "II"]
[BlackTitle "II"]
[WhiteElo "1343"]
[BlackElo "1252"]

1. e4 c6 2. d4 d5 3. exd5 cxd5 4. Bd3 Nc6 5. c3 Nf6 6. Bf4 Bg4 7. Qb3 e5 8. dxe5
Nh5 9. Qa4 Qc7 10. Be3 Bd7 11. Qh4 Nxe5 12. Be2 Nf6 13. Nd2 Bd6 14. O-O-O Ng6
15. Qd4 Be5 16. Qc5 Qxc5 17. Bxc5 Rc8 18. Nb3 Ne4 19. Bxa7 Ra8 20. Bc5 Rxa2 21.
Rxd5 Be6 22. Bb5+ Bd7 23. Bxd7+ Kd8 24. Bf5+ Bd6 25. Bxe4 Ra6 26. Bxg6 hxg6 27.
Rxd6+ Kc7 28. Rxa6 bxa6 29. Nf3 Kc6 30. Rd1 Rb8 31. Bb4 Kc7 32. Bd6+ 1-0

[Event "Druzynowe Mistrzostwa Polski Juniorow 2018 - II Liga"]
[Site "Szczyrk"]
[Date "1899-12-30"]
[Round "5.82"]
[White "Rzepka, Marcin"]
[Black "Chrobot, Tomasz"]
[Result "1-0"]
[WhiteTitle "III"]
[BlackTitle "IV"]
[WhiteElo "1193"]
[BlackElo "1033"]

1. e4 e5 2. Nf3 Nc6 3. Bc4 Bc5 4. c3 Nf6 5. d3 d6 6. Nbd2 a6 7. Bb3 O-O 8. O-O
Ba7 9. Re1 Re8 10. Nf1 Ne7 11. Ng3 Ng6 12. d4 exd4 13. cxd4 c6 14. Bd2 Bg4 15.
Bc3 Qd7 16. h3 Bxf3 17. Qxf3 Re7 18. Rad1 h6 19. Nf5 Ree8 20. e5 Nh7 21. Nxd6
Rf8 22. Qg3 Ng5 23. h4 Ne6 24. Bxe6 Qxe6 25. Nxb7 Qxa2 26. e6 Qb3 27. Nc5 Bxc5
28. dxc5 Rfe8 29. h5 Ne5 30. Bxe5 f6 31. Qxb3 1-0

[Event "Druzynowe Mistrzostwa Polski Juniorow 2018 - II Liga"]
[Site "Szczyrk"]
[Date "1899-12-30"]
[Round "5.83"]
[White "Matyjasek, Michalina"]
[Black "Kucharska, Helena"]
[Result "0-1"]
[WhiteTitle "I"]
[BlackTitle "I"]
[WhiteElo "1357"]
[BlackElo "1322"]

1. d4 e6 2. c4 f5 3. Nf3 d5 4. Nc3 Nf6 5. a3 c6 6. Bg5 Bd6 7. e3 O-O 8. Bd3 Nbd7
9. Qc2 Qe8 10. cxd5 cxd5 11. Nb5 Bb8 12. Nc7 Bxc7 13. Qxc7 Ne4 14. Bf4 b6 15.
Qc6 Bb7 16. Qxb7 Ndc5 17. dxc5 Nxc5 18. Qc7 Nxd3+ 19. Kf1 Qb5 20. Kg1 Qxb2 21.
Rf1 Rac8 22. Qd7 Rc1 23. Qxe6+ Kh8 24. Bg3 Rfc8 25. h3 Rxf1+ 26. Kxf1 Rc1+ 27.
Ne1 Rxe1# 0-1

[Event "Druzynowe Mistrzostwa Polski Juniorow 2018 - II Liga"]
[Site "Szczyrk"]
[Date "1899-12-30"]
[Round "5.84"]
[White "Cieslak, Jessica"]
[Black "Zajac, Aleksandra"]
[Result "1-0"]
[WhiteTitle "I"]
[BlackTitle "III"]
[WhiteElo "1247"]
[BlackElo "1000"]

1. d4 d5 2. c4 e6 3. Nf3 Nf6 4. g3 g6 5. Bg2 Bg7 6. O-O O-O 7. Ne5 Nbd7 8. Bg5
c6 9. Qd2 Qb6 10. c5 Qc7 11. Nxd7 Bxd7 12. Bf4 Qd8 13. Qc2 b6 14. b4 a5 15. Bd6
Re8 16. cxb6 Qxb6 17. Bc5 Qb7 18. bxa5 Rxa5 19. Nd2 Bf8 20. Nb3 Raa8 21. Rfc1
Bg7 22. f4 Rec8 23. e3 Be8 24. a4 Nd7 25. a5 Nxc5 26. Nxc5 Qc7 27. a6 Ra7 28.
Rcb1 Bd7 29. Rb7 Rxb7 30. axb7 Re8 31. Ra8 Bf8 32. Nxd7 Qxb7 33. Rxe8 Qxd7 34.
Ra8 Qc7 35. Qc5 Kg7 36. Qxf8+ Kf6 37. Qd8+ Qxd8 38. Rxd8 1-0

[Event "Druzynowe Mistrzostwa Polski Juniorow 2018 - II Liga"]
[Site "Szczyrk"]
[Date "1899-12-30"]
[Round "5.85"]
[White "Miasik, Adrian"]
[Black "Grzegorski, Michal"]
[Result "1-0"]
[WhiteTitle "I++"]
[BlackTitle "II"]
[WhiteElo "1918"]
[BlackElo "1416"]

1. d4 d5 2. Nf3 Nf6 3. e3 e6 4. c4 Nbd7 5. Nc3 Be7 6. Bd3 dxc4 7. Bxc4 a6 8. a4
O-O 9. O-O c5 10. Qe2 b6 11. Rd1 Qc7 12. d5 exd5 13. Bxd5 Bb7 14. Bxb7 Qxb7 15.
e4 Rad8 16. e5 Ne8 17. Bg5 Bxg5 18. Nxg5 Nc7 19. Qd3 g6 20. Qh3 h5 21. Rxd7 Rde8
22. e6 fxe6 23. Nxe6 Rf7 24. Nxc7 Qc8 25. Nxe8 Qxe8 26. Rxf7 Kxf7 27. Rd1 Kf8
28. Qe3 Qxe3 29. fxe3 Kf7 30. Rd6 b5 31. axb5 axb5 32. Nxb5 g5 33. Rd5 c4 34.
Rxg5 h4 35. Rc5 1-0

[Event "Druzynowe Mistrzostwa Polski Juniorow 2018 - II Liga"]
[Site "Szczyrk"]
[Date "1899-12-30"]
[Round "5.86"]
[White "Jedraszek, Pawel"]
[Black "Ciasnocha, Michal"]
[Result "1/2-1/2"]
[WhiteTitle "I"]
[BlackTitle "I"]
[WhiteElo "1507"]
[BlackElo "1723"]

1. e4 e5 2. Nf3 Nf6 3. Nxe5 d6 4. Nf3 Nxe4 5. Nc3 Nxc3 6. dxc3 Be7 7. Bf4 Nc6 8.
Qd2 O-O 9. O-O-O Be6 10. Kb1 Bf6 11. h4 a5 12. Ng5 Ne5 13. Bd3 Nxd3 14. Qxd3 g6
15. Nxh7 Kxh7 16. h5 Kg8 17. hxg6 Qd7 18. g7 Bf5 19. Qgxf8+ Kxf8 20. Bh6+ Ke8
21. Qe3+ Qe6 22. Qxe6+ Bxe6 23. Bg5 Ke7 24. Bxf6+ Kxf6 25. a3 b5 26. Kc1 d5 27.
Kd2 c5 28. f3 Rb8 29. Ke3 b4 30. axb4 axb4 31. cxb4 Rxb4 32. b3 1/2-1/2

[Event "Druzynowe Mistrzostwa Polski Juniorow 2018 - II Liga"]
[Site "Szczyrk"]
[Date "1899-12-30"]
[Round "5.87"]
[White "Babiarz, Arkadiusz"]
[Black "Rosinski, Filip"]
[Result "1-0"]
[WhiteTitle "I++"]
[BlackTitle "II"]
[WhiteElo "1810"]
[BlackElo "1345"]

1. e4 c5 2. c3 d6 3. d4 cxd4 4. cxd4 Nf6 5. Nc3 a6 6. Nf3 e6 7. Bd3 Nbd7 8. e5
dxe5 9. dxe5 Nd5 10. Nxd5 exd5 11. O-O Bb4 12. Bf4 O-O 13. Bxh7+ Kh8 14. Qxd5
Nf6 15. Qxd8 Rxd8 16. Ng5 Rf8 17. exf6 gxf6 18. Ne4 Be7 19. Nxf6 Bxf6 20. Be4
Re8 21. Bd5 Bxb2 22. Rab1 Re2 23. Rxb2 1-0